Planning, law and economics (Record no. 108281)
[ view plain ]
| 000 -LEADER | |
|---|---|
| fixed length control field | 01374cam a22002535a 4500 |
| 001 - CONTROL NUMBER | |
| control field | L143835 |
| 008 - FIXED-LENGTH DATA ELEMENTS--GENERAL INFORMATION | |
| fixed length control field | 080702s2006 xxk f 001 0 eng d |
| 020 ## - INTERNATIONAL STANDARD BOOK NUMBER | |
| International Standard Book Number | 0415343747 |
| 035 ## - SYSTEM CONTROL NUMBER | |
| System control number | (Sirsi) u143835 |
| 041 0# - LANGUAGE CODE | |
| Language code of text/sound track or separate title | eng |
| 050 04 - LIBRARY OF CONGRESS CALL NUMBER | |
| Classification number | 711.1 $2 18 |
| 100 1# - MAIN ENTRY--PERSONAL NAME | |
| Personal name | Needham, Barrie |
| 245 00 - TITLE STATEMENT | |
| Title | Planning, law and economics |
| Remainder of title | an investigation of the rules we make for using land |
| 260 ## - PUBLICATION, DISTRIBUTION, ETC. | |
| Place of publication, distribution, etc. | London |
| Name of publisher, distributor, etc. | Routledge |
| Date of publication, distribution, etc. | 2006 |
| 300 ## - PHYSICAL DESCRIPTION | |
| Extent | 178p. |
| Dimensions | 25cm. |
| 490 #0 - SERIES STATEMENT | |
| Series statement | The RTPI Library Series |
| 505 2# - FORMATTED CONTENTS NOTE | |
| Formatted contents note | Land-use planning and property rights: a fraught relationship -- Two ways in which laws can influence how land is used -- The legal language: rights in land -- The economic language: making a good use of scarce resources -- An evolution of property law: rules under public law -- An evolution of property law: rules under private law -- Application: achieving neighbourhood quality -- Application: regional land-use planning -- Conclusions: the rules we make for using land |
| 520 ## - SUMMARY, ETC. | |
| Summary, etc. | Looks at land-use planning as it affects and is affected by property rights and illuminates core aspects of land-use planning - including effectivess, efficieny, ethics and ideology. These aspects are examined from the perspective of law and economics. |
| 521 ## - TARGET AUDIENCE NOTE | |
| Target audience note | Advanced |
| 590 ## - LOCAL NOTE (RLIN) | |
| Local note | KA |
| 651 #4 - SUBJECT ADDED ENTRY--GEOGRAPHIC NAME | |
| Geographic name | International |
| 690 ## - LOCAL SUBJECT ADDED ENTRY--TOPICAL TERM (OCLC, RLIN) | |
| Topical term or geographic name as entry element | Planning and development |
| 9 (RLIN) | 6259 |
| 942 ## - ADDED ENTRY ELEMENTS (KOHA) | |
| Suppress in OPAC | 0 |
| Withdrawn status | Lost status | Source of classification or shelving scheme | Damaged status | Not for loan | Home library | Current library | Shelving location | Date acquired | Total Checkouts | Full call number | Barcode | Date last seen | Date last checked out | Copy number | Price effective from | Koha item type |
|---|---|---|---|---|---|---|---|---|---|---|---|---|---|---|---|---|
| Dewey Decimal Classification | London | London | Books | 03/06/2008 | 2 | 711.1 NEE | 30074426 | 06/08/2019 | 06/03/2009 | 1 | 06/08/2019 | Book |